Statistics for Streets with Tree Names

Click here to take the quiz!

General Stats

  • This quiz has been taken 24,344 times
    (19,195 since last reset)
  • The average score is 12 of 22

Answer Stats

#ClueTree% Correct
6,143AcornOak
94%
5,636CanadaMaple
94%
3,280WeepingWillow
86%
5,397ConiferPine
85%
4,671NightmareElm
77%
2,649Roasting on an open fireChestnut
76%
2,829George WashingtonCherry
63%
1,741Ski resortAspen
58%
4,766LebanonCedar
56%
2,372Papery barkBirch
56%
2,319"Popular"Poplar
55%
4,366Pecan relativeWalnut
54%
2,656CanineDogwood
51%
1,904Christmas decorationHolly
43%
2,221Louisville SluggerAsh
38%
2,594BlueSpruce
38%
2,883Andrew JacksonHickory
30%
1,826Apollo's wreathLaurel
25%
2,321"Sicker than"Sycamore
24%
2,470SteelMagnolia
23%
1,963Insane membraneCypress
22%
1,649Its seeds are like bollsCottonwood
11%

Score Distribution

Percentile by Number Answered

Percent of People with Each Score

Your Score History

You have not taken this quiz since the last reset